[Event "Zaraisk"]
[Site "Zaraisk"]
[Date "2009.11.22"]
[Round "8"]
[White "Lucenko, Aleksandr"]
[Black "Lebedev, Dmitry"]
[Result "0-1"]
[WhiteElo "1731"]
[BlackElo "2231"]
[PlyCount "38"]
[EventDate "2009.11.14"]
[EventType "tourn"]
[EventRounds "11"]
[EventCountry "RUS"]
[SourceTitle "EXT 2012"]
[Source "ChessBase"]
[SourceDate "2011.11.24"]
[SourceVersion "1"]
[SourceVersionDate "2011.11.24"]
[SourceQuality "1"]

1. e4 c5 2. Nf3 Nc6 3. Nc3 e5 4. Bc4 Nf6 5. Ng5 d5 6. exd5 Nxd5 7. Nxf7 Kxf7 8. Qf3+ Qf6 9. Bxd5+ Be6 10. Bxe6+ Kxe6 11. Qd5+ Ke7 12. Qb3 Kd8 13. Qd5+ Bd6 14. Ne4 Nb4 15. Qxd6+ Qxd6 16. Nxd6 Nxc2+ 17. Ke2 Nxa1 18. Nf7+ Ke7 19. Nxh8 Rxh8 0-1

[Event "Zaraisk"]
[Site "Zaraisk"]
[Date "2009.11.15"]
[Round "3"]
[White "Lucenko, Aleksandr"]
[Black "Shmatkov, Vladimir"]
[Result "0-1"]
[WhiteElo "1731"]
[BlackElo "2065"]
[PlyCount "86"]
[EventDate "2009.11.14"]
[EventType "tourn"]
[EventRounds "11"]
[EventCountry "RUS"]
[SourceTitle "EXT 2012"]
[Source "ChessBase"]
[SourceDate "2011.11.24"]
[SourceVersion "1"]
[SourceVersionDate "2011.11.24"]
[SourceQuality "1"]

1. e4 c6 2. d4 d5 3. e5 Bf5 4. Nf3 e6 5. Be2 Nd7 6. 0-0 c5 7. c3 Qc7 8. Nh4 Ne7 9. Bg5 Bg6 10. Nxg6 Nxg6 11. f4 Be7 12. Bh5 Bxg5 13. Bxg6 hxg6 14. fxg5 Qb6 15. Qd2 cxd4 16. cxd4 Nxe5 17. Qf4 f6 18. gxf6 gxf6 19. Kh1 Nd7 20. Nd2 Ke7 21. Nb3 Qd6 22. Rae1 Qxf4 23. Rxf4 e5 24. dxe5 fxe5 25. Rg4 Rhg8 26. Na5 b6 27. Nc6+ Kd6 28. Nb4 a5 29. Nd3 g5 30. Rd1 Rac8 31. b4 Rc2 32. bxa5 bxa5 33. a4 Nf6 34. Rg3 g4 35. Re3 Rg5 36. Rb1 e4 37. Nf4 d4 38. Reb3 Rcc5 39. g3 d3 40. Nxd3 exd3 41. Rxd3+ Ke5 42. Re1+ Ne4 43. Rd8 Rd5 0-1

[Event "Zaraisk"]
[Site "Zaraisk"]
[Date "2009.11.14"]
[Round "1"]
[White "Lucenko, Aleksandr"]
[Black "Khasanov, Yuri"]
[Result "0-1"]
[WhiteElo "1731"]
[BlackElo "1944"]
[PlyCount "56"]
[EventDate "2009.11.14"]
[EventType "tourn"]
[EventRounds "11"]
[EventCountry "RUS"]
[SourceTitle "EXT 2012"]
[Source "ChessBase"]
[SourceDate "2011.11.24"]
[SourceVersion "1"]
[SourceVersionDate "2011.11.24"]
[SourceQuality "1"]

1. e4 e5 2. Nf3 Nc6 3. Bc4 Nf6 4. Nc3 Be7 5. 0-0 0-0 6. h3 d6 7. d4 exd4 8. Nxd4 Ne5 9. Bb3 c5 10. Nf3 Ng6 11. a3 a6 12. a4 h6 13. Be3 Bd7 14. Qd2 Kh7 15. Bc4 Bc6 16. Bd3 Qc7 17. Bf4 Ne5 18. Nh2 Rad8 19. Be3 c4 20. Be2 Nxe4 21. Nxe4 Bxe4 22. f4 Nd7 23. Bd4 f5 24. Bf3 d5 25. c3 Nc5 26. Qe3 Nb3 27. Bb6 Qc6 28. Bxd8 Bc5 0-1